| Поле | Название | Значение |
| |
Тип записи |
i |
| |
Библиографический уровень |
m |
| 001 |
Контрольный номер |
RU/SLIB/B/226422643 |
| 005 |
Дата корректировки |
20201206204457.8 |
| 010 |
Индекс ISBN |
__ |
| d |
Цена |
280-00 |
| 101 |
Язык документа |
__ |
| a |
Язык текста |
rus |
| c |
Язык оригинала |
fre |
| 200 |
Заглавие и сведения об ответственности |
1_ |
| a |
Заглавие |
Человек, который смеется |
| e |
Сведения, относящиеся к заглавию |
[аудиокнига : роман] |
| f |
Первые сведения об ответственности |
Виктор Гюго ; читает Сергей Казаков |
| b |
Общее обозначение материала |
Звукозапись |
| 210 |
Выходные данные |
__ |
| a |
Место издания |
М. |
| c |
Издательство |
Библиофоника |
| d |
Дата издания |
2005 |
| 215 |
Физическое описание |
__ |
| a |
Объем |
2 электрон. опт. диска (Audio CD) (24 ч. 51 мин.) |
| 225 |
Серия |
__ |
| a |
Серия |
Французская классическая проза |
| 300 |
Общие примечания |
__ |
| a |
Общие примечания |
MP3 ; AudioCD |
| 323 |
Примечание о главных создателях, исполнителях, участниках |
__ |
| a |
Примечание о главных создателях, исполнителях, участниках |
Казаков С. (читает) |
| 330 |
Аннотация |
__ |
| a |
Аннотация |
Драматическое развитие событий, неожиданные перемены в судьбе героев, переходы от бездны отчаяния к вершинам счастья и наоборот держат читателя в постоянном напряжении. Трагический финал не заглушает гуманистического пафоса романа, он лишь сильнее заставляет звучать идеи, вдохновлявшие его автора. |
| 333 |
Примечание о целевом назначении |
__ |
| a |
Примечание о целевом назначении |
16+. Для детей старше 16 лет |
| 606 |
Тематические рубрики |
__ |
| a |
Основная рубрика |
Литература Европы (произведения) |
| a |
Основная рубрика |
Художественная литература |
| z |
Хронологическая подрубрика |
19 в. |
| y |
Географическая подрубрика |
Франция |
| 610 |
Ключевые слова |
__ |
| a |
Ключевые слова |
французская литература; романы; тема человека; тема природы; тема судьбы; тема любви; тема благородства; тема аристократии |
| 686 |
Индексы других классификаций |
__ |
| a |
Классификационный индекс |
ст84(4Фра)-4я0 |
| 700 |
Автор |
_1 |
| a |
Фамилия |
Гюго |
| b |
Имя |
В. |
| g |
Полное личное имя |
Виктор |
| 4 |
Код отношения |
070 |
| 801 |
Источник записи |
_0 |
| a |
Страна |
RU |
| b |
Организация |
Муниципальное бюджетное учреждение культуры "Централизованная библиотечная система" г. Сургут (Центральная городская библиотека им. А. С. Пушкина) |
| g |
Правила каталогизации |
КиК/Поспелова |
| 801 |
Источник записи |
_1 |
| a |
Страна |
RU |
| b |
Организация |
Муниципальное бюджетное учреждение культуры "Централизованная библиотечная система" г. Сургут (Центральная городская библиотека им. А. С. Пушкина) |
| g |
Правила каталогизации |
КиК/Поспелова |
| 852 |
Данные о местонахождении |
__ |
| j |
Шифр хранения |
ст84(4Фра)-4я0 |
| c |
Каталожный индекс |
ст84(4Фра)-4я04 |
| i |
Авторский знак |
Г 99 |
| 901 |
Тип документа |
__ |
| t |
Тип документа |
0 |
| 903 |
Характеристики (МАРС) |
__ |
| a |
Дата передачи |
20070307 |
| 969 |
Тип издания |
__ |
| a |
Тип издания |
аудиокнига |
| 990 |
Данные о заказе (DOS) |
__ |
| j |
Количество экземпляров (DOS) |
1 |
| h |
N записи в КСУ для Б/У (DOS) |
200703 |